Attractions Walibi Belgium - Statistiques

Statistiques générales
  • Ce quiz a été pris 57 fois
  • Le résultat moyen est 14 sur 20
Statistiques - réponses
Par images Réponse % Correct
Kondaa
98%
Loup Garou
96%
Vampire
96%
Cobra
93%
Tiki-Waka
89%
Turbine
89%
Pulsar
82%
Dalton Terror
78%
Mecalodon
78%
Calamity Mine
76%
Radja river
73%
Popcorn Revenge
71%
Flashback
64%
Fun Pilot
64%
Buzzsaw
49%
Kondaala
44%
Palais du génie
44%
Silverton
38%
Spinning Vibe
29%
Melody Road
22%
Aucun quiz correspondant
Distribution des résultats
% des personnes avec chaque résultat
Percentile par nombre de réponses
Votre historique - résultats
Vous n’avez pas pris ce quiz